Mali del secolo (I) (Bfml-Lp 701) (Record n. 101336)
[ formato base ]
| 000 -LEADER | |
|---|---|
| fixed length control field | 01588njm a2200325Ia 4500 |
| 001 - CONTROL NUMBER | |
| control field | 20423 |
| 003 - CONTROL NUMBER IDENTIFIER | |
| control field | IT-RoPAU |
| 005 - DATE AND TIME OF LATEST TRANSACTION | |
| control field | 20220918181142.0 |
| 008 - FIXED-LENGTH DATA ELEMENTS--GENERAL INFORMATION | |
| fixed length control field | 131025s9999 xx 000 0 und d |
| 040 ## - CATALOGING SOURCE | |
| Original cataloging agency | IT-RoPAU |
| 040 ## - CATALOGING SOURCE | |
| Transcribing agency | IT-RoPAU |
| 041 ## - LANGUAGE CODE | |
| Language code of text/sound track or separate title | ITALIANO |
| 999 ## - SYSTEM CONTROL NUMBERS (KOHA) | |
| Koha Dewey Subclass [OBSOLETE] | n.d. |
| 100 ## - MAIN ENTRY--PERSONAL NAME | |
| Personal name | Celentano Adriano |
| 9 (RLIN) | 1546 |
| 100 ## - MAIN ENTRY--PERSONAL NAME | |
| Relator term | Autore musica |
| 9 (RLIN) | 1547 |
| 100 ## - MAIN ENTRY--PERSONAL NAME | |
| Miscellaneous information | Codice autore musica SPICS: 10821 |
| 9 (RLIN) | 1548 |
| 245 ## - TITLE STATEMENT | |
| Title | Mali del secolo (I) (Bfml-Lp 701) |
| 250 ## - EDITION STATEMENT | |
| Edition statement | 1a ed. |
| 260 ## - PUBLICATION, DISTRIBUTION, ETC. (IMPRINT) | |
| Place of publication, distribution, etc. | MILANO |
| 260 ## - PUBLICATION, DISTRIBUTION, ETC. (IMPRINT) | |
| Name of publisher, distributor, etc. | CLAN |
| Date of publication, distribution, etc. | 1972 [1a Ed.:1972 - Ed. Lingua Orig.: 1972] |
| 300 ## - PHYSICAL DESCRIPTION | |
| Extent | DISCO |
| 300 ## - PHYSICAL DESCRIPTION | |
| Dimensions | 39 minuti (Testo: pag.) |
| 500 ## - GENERAL NOTE | |
| General note | Arrangiatori e direttori: Mariano Detto, Massara Natale, De Luca Nando. La versione in lingua Celenta di "Quel Signore del piano di sopra" è di Adriano-Celentano; quella in lingua italiana è di Adriano Celentano, Beretta e Del Prete. Cantautore. Ecologia. Problemi sociali: droga, matrimonio. Messaggio cristiano. Canzone italiana |
| 505 ## - FORMATTED CONTENTS NOTE | |
| Formatted contents note | L'albero di trenta piani - Forse eri meglio di lei - La Ballata di Pinocchio - Disse - La siringhetta - L'ultimo degli uccelli - Quel Signore del piano di sopra - Ready Teddy (4:00) |
| 650 ## - SUBJECT ADDED ENTRY--TOPICAL TERM | |
| Topical term or geographic name as entry element | CANZONE ITALIAN [DISCHI] |
| Relator term | Codice MATERIA SPICS: 9950 |
| 9 (RLIN) | 1549 |
| 700 ## - ADDED ENTRY--PERSONAL NAME | |
| Personal name | Celentano Adriano |
| Relator term | Autore testo e musica |
| Miscellaneous information | Codice autore testo/musica SPICS: 10821 |
| 9 (RLIN) | 1550 |
| 700 ## - ADDED ENTRY--PERSONAL NAME | |
| Personal name | Marascalco |
| Relator term | Autore musica |
| Miscellaneous information | Codice autore musica SPICS: 24499 |
| Name of part/section of a work | Ready Teddy |
| 9 (RLIN) | 1551 |
| 700 ## - ADDED ENTRY--PERSONAL NAME | |
| Personal name | Blackswell D. |
| Relator term | Autore testo/musica |
| Miscellaneous information | Codice autore testo/musica SPICS: 24636 |
| Name of part/section of a work | Ready Teddy |
| 9 (RLIN) | 1552 |
| 942 ## - ADDED ENTRY ELEMENTS (KOHA) | |
| Koha item type | DISCHI |
| Source of classification or shelving scheme | Dewey Decimal Classification |
| Withdrawn status | Lost status | Damaged status | Not for loan | Home library | Current library | Date acquired | Total Checkouts | Full call number | Date last seen | Price effective from | Koha item type | Public note |
|---|---|---|---|---|---|---|---|---|---|---|---|---|
| Buone Condizioni | Not For Loan | SPICS-MEDIATECA | SPICS-MEDIATECA | 25/10/2013 | 20423 | 25/10/2013 | 25/10/2013 | DISCHI | Progr. Ins.: 3731 / N.Vol.: 1 / Copie: 1 - Copia rara: n.d. / date import: 01.01.2014 - By Epidotti, Trombetti, Vaglietti |